Efecto de la dimensión estimular en el procesamiento global-local (Record no. 67068)
[ view plain ]
| 000 -CABECERA | |
|---|---|
| campo de control de longitud fija | 00695nam a2200229 a 4500 |
| 005 - FECHA Y HORA DE LA ÚLTIMA TRANSACCIÓN | |
| campo de control | 20210223123852.0 |
| 008 - ELEMENTOS DE LONGITUD FIJA--INFORMACIÓN GENERAL | |
| campo de control de longitud fija | 991125n 000 0 spa u |
| 035 ## - NÚMERO DE CONTROL DEL SISTEMA | |
| Número de control de sistema | UPN01000074706 |
| 100 1# - ASIENTO PRINCIPAL--NOMBRE PERSONAL | |
| Nombre de persona | Arnau Gras, Jaime |
| 9 (RLIN) | 28753 |
| 222 ## - TÍTULO CLAVE | |
| Título clave | REVISTA DE PSICOLOGIA GENERAL Y APLICADA |
| 245 ## - MENCIÓN DE TÍTULO | |
| Título | Efecto de la dimensión estimular en el procesamiento global-local |
| 300 ## - DESCRIPCIÓN FÍSICA | |
| Extensión | 13-21 |
| 362 ## - FECHAS DE PUBLICACIÓN Y/O DESIGNACIÓN SECUENCIAL | |
| Fecha de publicación y/o designación secuencial | 1992 45, no. 1, ene. |
| 653 0# - TERMINO DE INDIZACION - NO CONTROLADO | |
| Término no controlado | BUSQUEDA VISUAL |
| 653 0# - TERMINO DE INDIZACION - NO CONTROLADO | |
| Término no controlado | CONOCIMIENTO |
| 653 0# - TERMINO DE INDIZACION - NO CONTROLADO | |
| Término no controlado | CONOCIMIENTO ESPACIAL (PSICOLOGIA) |
| 653 0# - TERMINO DE INDIZACION - NO CONTROLADO | |
| Término no controlado | PSICOLOGIA COGNOSCITIVA |
| 700 ## - ASIENTO SECUNDARIO--NOMBRE DE PERSONAL | |
| Nombre de persona | Salvador Beltran, Francecs |
| 700 ## - ASIENTO SECUNDARIO--NOMBRE DE PERSONAL | |
| Nombre de persona | Blanca Mena, Maria Jose |
| 904 ## - ELEMENTOS DE DATOS D LOCAL, LDD (RLIN) | |
| a | AC |
| b | 012517 |
| 905 ## - TIPO DE MATERIAL | |
| Tipo de material | Articulo |
No items available.
